Bundesliga: 150+ Matches (2000-) - Statistics

General Stats
  • This quiz has been taken 10 times
  • The average score is 317 of 411
Answer Stats
Ranking Player Positions Nationality Matches Goals (assists) Periods Clubs % Correct
49 Aaron Hunt MF, FW 303 56 (39) 2004-2018
100%
81 Alexander Meier MF, FW 276 93 (27) 2001-2002, 2003-2004, 2005-2010, 2012-2018
100%
391 Alphonso Davies DF 154 9 (21) 2018-2025
100%
130 Arne Friedrich DF 246 15 (12) 2002-2011
100%
305 Benjamin Henrichs DF, MF 175 6 (17) 2015-2018, 2020-2025
100%
26 Christian Günter DF, MF 346 13 (42) 2012-2014, 2016-2025
100%
17 Christian Schulz DF, MF 358 23 (8) 2002-2016
100%
272 Christoph Baumgartner MF, FW 184 34 (12) 2018-2025
100%
89 Christoph Kramer MF 271 10 (6) 2013-2024
100%
52 Daniel Baier MF 301 6 (16) 2003-2004, 2007-2008, 2009-2010, 2011-2020
100%
273 Daniel Didavi MF, FW 184 46 (20) 2010-2018, 2020-2022
100%
222 Danny da Costa DF, FW 199 4 (19) 2011-2012, 2015-2025
100%
104 Diego Benaglio GK 259 0 (0) 2007-2017
100%
44 Dominik Kohr DF, MF 306 11 (14) 2011-2025
100%
380 Edmond Tapsoba DF 157 3 (1) 2019-2025
100%
228 Emil Forsberg MF, FW 197 40 (40) 2016-2024
100%
290 Emre Can DF, MF 180 19 (12) 2012-2013, 2019-2025
100%
378 Ermedin Demirović MF, FW 158 45 (23) 2020-2025
100%
266 Florian Kainz MF, FW 185 26 (31) 2016-2024
100%
242 Florian Neuhaus MF 190 22 (22) 2018-2025
100%
316 Genki Haraguchi DF, MF, FW 173 6 (16) 2014-2018, 2021-2024
100%
348 Gregor Kobel GK 165 0 (0) 2018-2019, 2020-2025
100%
23 Halil Altıntop MF, FW 351 67 (29) 2003-2010, 2013-2017
100%
240 Hamit Altıntop DF, MF 192 16 (17) 2003-2010, 2016-2017
100%
341 Holger Badstuber DF, MF 166 3 (4) 2009-2012, 2014-2019
100%
259 Ihlas Bebou DF, MF, FW 186 45 (20) 2017-2025
100%
352 Javi Martínez DF, MF 164 9 (7) 2012-2021
100%
39 Jérôme Boateng DF 314 5 (18) 2006-2009, 2011-2021
100%
308 Jiří Pavlenka GK 175 0 (0) 2017-2020, 2022-2024
100%
83 Jonas Hofmann MF, FW 275 53 (53) 2012-2025
100%
53 Jonathan Schmid DF, MF 299 35 (34) 2010-2023
100%
41 Jonathan Tah DF 307 15 (8) 2013-2014, 2015-2025
100%
116 Julian Baumgartlinger DF, MF 255 7 (9) 2011-2023
100%
21 Julian Brandt MF, FW 354 70 (74) 2013-2025
100%
274 Kerem Demirbay MF 184 22 (35) 2013-2014, 2016-2023
100%
358 Kevin-Prince Boateng MF, FW 163 16 (13) 2005-2006, 2008-2009, 2013-2014, 2017-2018, 2021-2023
100%
78 Kevin Volland MF, FW 277 80 (49) 2012-2019, 2023-2025
100%
275 Klaas-Jan Huntelaar FW 184 84 (20) 2010-2016, 2020-2021
100%
253 Konrad Laimer DF, MF 188 12 (18) 2017-2025
100%
113 Lars Bender DF, MF 256 22 (26) 2009-2021
100%
221 Leroy Sané MF, FW 200 51 (45) 2013-2015, 2020-2025
100%
160 Lucas Höler MF, FW 231 42 (16) 2017-2025
100%
302 Lukas Kübler DF, MF 176 10 (5) 2016-2025
100%
108 Manuel Friedrich DF 258 16 (3) 2003-2014
100%
322 Manuel Gulde DF 171 7 (0) 2009-2010, 2016-2024
100%
110 Marcel Schäfer DF, MF 257 13 (26) 2003-2004, 2007-2017
100%
381 Marco Friedl DF, MF 157 2 (3) 2017-2020, 2022-2025
100%
9 Marco Reus MF, FW 391 156 (95) 2009-2024
100%
304 Marco Richter MF, FW 176 24 (16) 2017-2024
100%
33 Mario Gómez FW 328 170 (28) 2003-2012, 2016-2019
100%
37 Mario Götze MF, FW 317 66 (55) 2009-2019, 2022-2025
100%
268 Mark Uth MF, FW 185 44 (28) 2015-2024
100%
142 Martin Harnik MF, FW 240 67 (22) 2007-2008, 2010-2015, 2017-2020
100%
244 Martin Hinteregger DF, MF 190 17 (2) 2015-2022
100%
362 Marvin Friedrich DF 162 8 (3) 2014-2015, 2019-2025
100%
77 Marvin Plattenhardt DF, MF 278 8 (36) 2010-2023
100%
287 Marwin Hitz GK 181 1 (0) 2009-2011, 2013-2022
100%
5 Mats Hummels DF 442 33 (17) 2006-2024
100%
13 Matthias Ginter DF, MF 380 22 (14) 2011-2025
100%
72 Maximilian Eggestein MF 284 16 (21) 2014-2025
100%
323 Maximilian Philipp MF, FW 171 29 (12) 2013-2014, 2016-2018, 2020-2025
100%
42 Max Kruse MF, FW 307 97 (70) 2007-2008, 2010-2011, 2012-2018, 2020-2023
100%
226 Michael Ballack MF 198 71 (38) 2000-2005, 2010-2012
100%
236 Miloš Veljković DF 195 5 (5) 2015-2020, 2022-2025
100%
76 Nicolas Höfler MF 280 9 (14) 2013-2014, 2016-2025
100%
363 Nico Schulz DF, MF, FW 162 5 (12) 2013-2022
100%
24 Patrick Herrmann DF, MF, FW 351 47 (43) 2009-2024
100%
249 Philipp Lienhart DF 189 12 (1) 2017-2025
100%
291 Philipp Max DF, MF 180 16 (25) 2013-2014, 2015-2019, 2022-2024
100%
101 Pirmin Schwegler MF 262 7 (20) 2006-2010, 2012-2019
100%
87 Raphael Schäfer GK 273 0 (0) 2001-2002, 2004-2007, 2009-2014
100%
351 Robert Andrich DF, MF 165 18 (12) 2019-2025
100%
45 Robin Knoche DF 306 16 (7) 2011-2024
100%
227 Robin Zentner GK 198 0 (0) 2017-2025
100%
356 Rune Jarstein GK 164 0 (0) 2013-2021
100%
376 Salif Sané DF, MF 159 14 (2) 2013-2015, 2017-2021
100%
345 Salih Özcan MF 166 2 (4) 2016-2017, 2020-2025
100%
292 Sandro Wagner FW 180 44 (12) 2007-2008, 2010-2011, 2013-2019
100%
40 Sebastian Kehl DF, MF 313 23 (16) 2000-2015
100%
155 Sebastian Rode MF 233 15 (11) 2010-2011, 2012-2016, 2018-2024
100%
73 Stefan Bell DF 284 13 (10) 2012-2018, 2020-2025
100%
98 Sven Bender DF, MF 265 8 (5) 2009-2021
100%
90 Theodor Gebre Selassie DF, MF, FW 271 23 (13) 2012-2021
100%
317 Toni Kroos MF 173 23 (34) 2007-2014
100%
129 Tony Jantschke DF, MF 247 5 (7) 2008-2024
100%
88 Vincenzo Grifo MF, FW 273 66 (64) 2012-2013, 2016-2025
100%
175 Waldemar Anton DF, MF 222 8 (9) 2015-2016, 2017-2018, 2020-2025
100%
264 Wendell DF 186 7 (10) 2014-2021
100%
168 Willi Orban DF 228 26 (3) 2011-2012, 2016-2025
100%
80 Ádám Szalai FW 276 54 (18) 2009-2022
86%
71 Alexander Madlung DF 284 29 (2) 2002-2015
86%
205 Alexander Schwolow GK 206 0 (1) 2013-2014, 2016-2025
86%
62 Andreas Beck DF, MF 290 5 (18) 2005-2014, 2017-2019
86%
369 Andreas Hinkel DF 160 1 (9) 2000-2005, 2011-2012
86%
245 Andreas Wolf DF 189 6 (3) 2001-2002, 2004-2007, 2009-2012
86%
68 Andrej Kramarić MF, FW 286 126 (54) 2015-2025
86%
201 André Schürrle MF, FW 207 50 (31) 2009-2012, 2014-2018
86%
199 Anthony Modeste FW 209 85 (14) 2013-2016, 2019-2023
86%
332 Antônio da Silva MF 168 14 (28) 2004-2008, 2010-2012
86%
218 Arjen Robben MF, FW 201 99 (51) 2009-2019
86%
233 Arturo Vidal MF 196 29 (25) 2007-2010, 2015-2018
86%
232 Artur Wichniarek FW 196 49 (14) 2002-2010
86%
46 Bastian Oczipka DF, FW 304 3 (36) 2010-2022
86%
29 Bastian Schweinsteiger DF, MF 342 45 (58) 2002-2015
86%
141 Benedikt Höwedes DF 240 12 (4) 2007-2017
86%
310 Benjamin Pavard DF 174 9 (6) 2017-2023
86%
153 Bernd Leno GK 233 0 (0) 2011-2018
86%
43 Cacau FW 306 89 (33) 2001-2014
86%
333 Charles Aránguiz MF 168 10 (20) 2015-2023
86%
6 Christian Gentner MF 430 46 (39) 2004-2015, 2017-2021
86%
202 Christian Träsch DF, MF 207 5 (15) 2007-2017
86%
300 Christoph Metzelder DF 177 4 (7) 2000-2002, 2004-2006, 2010-2013
86%
4 Claudio Pizarro FW 465 187 (57) 2000-2006, 2008-2020
86%
32 Clemens Fritz DF, MF 331 7 (20) 2003-2004, 2005-2017
86%
16 Daniel Caligiuri DF, MF, FW 372 51 (43) 2009-2023
86%
179 Daniel Van Buyten DF 219 27 (3) 2004-2014
86%
215 Dante DF 202 12 (2) 2008-2016
86%
265 David Abraham DF 185 6 (3) 2012-2021
86%
54 David Alaba DF, MF 298 25 (27) 2009-2021
86%
38 David Jarolím MF 316 17 (28) 2001-2012
86%
144 Davie Selke FW 238 46 (12) 2013-2014, 2016-2024
86%
187 Dayot Upamecano DF 214 8 (8) 2016-2025
86%
93 Dedê DF 269 11 (32) 2000-2011
86%
112 Dennis Aogo DF, MF 256 3 (23) 2004-2005, 2008-2019
86%
366 Diego MF 161 57 (46) 2006-2008, 2010-2011, 2012-2014
86%
191 Diego Klimowicz FW 213 70 (21) 2001-2010
86%
282 Ebbe Sand FW 182 60 (20) 2000-2006
86%
371 Elkin Soto MF 160 11 (8) 2006-2007, 2009-2016
86%
306 Ellyes Skhiri MF 175 20 (11) 2019-2025
86%
258 Elvis Rexhbeçaj MF, FW 186 10 (8) 2017-2025
86%
59 Eric Maxim Choupo-Moting MF, FW 292 64 (23) 2007-2008, 2009-2016, 2020-2024
86%
361 Ermin Bičakčić DF 162 7 (2) 2010-2011, 2013-2023
86%
119 Eugen Polanski MF 254 14 (13) 2004-2006, 2009-2018
86%
106 Fabian Ernst MF 258 12 (21) 2000-2009
86%
200 Fabian Johnson DF, MF 208 18 (22) 2009-2020
86%
177 Fabian Lustenberger DF, MF 220 3 (3) 2007-2009, 2011-2012, 2013-2019
86%
315 Fernando Meira DF, MF 173 11 (3) 2001-2008
86%
246 Filip Daems DF 189 13 (3) 2004-2005, 2008-2014
86%
126 Filip Kostić DF, FW 249 35 (58) 2014-2023
86%
182 Florian Grillitsch DF, MF 216 7 (17) 2015-2021, 2023-2025
86%
85 Franck Ribéry MF, FW 273 85 (94) 2007-2019
86%
164 Frank Baumann DF, MF 228 10 (11) 2000-2009
86%
25 Frank Rost GK 347 1 (0) 2000-2011
86%
63 Gerald Asamoah MF, FW 290 46 (31) 2000-2010, 2012-2013
86%
7 Gonzalo Castro DF, MF 420 38 (63) 2004-2018, 2020-2022
86%
326 Gōtoku Sakai DF, MF 170 2 (9) 2011-2018
86%
311 Granit Xhaka DF, MF 174 11 (10) 2012-2015, 2023-2025
86%
69 Hans-Jörg Butt GK 286 9 (0) 2000-2006, 2008-2012
86%
165 Håvard Nordtveit DF, MF 228 10 (10) 2009-2015, 2017-2022
86%
36 Heiko Westermann DF, MF 318 26 (9) 2005-2015
86%
397 Ivan Klasnić FW 153 50 (27) 2001-2007, 2012-2013
86%
145 Ivica Olić FW 236 72 (24) 2006-2016
86%
149 Jakub Błaszczykowski MF 235 28 (34) 2007-2014, 2016-2019
86%
143 Janik Haberer DF, MF, FW 239 18 (15) 2016-2025
86%
267 Jannik Vestergaard DF 185 14 (1) 2010-2018
86%
216 Jaroslav Drobný GK 202 0 (0) 2006-2016, 2018-2019
86%
327 Jefferson Farfán MF, FW 170 39 (39) 2008-2015
86%
107 Jeffrey Gouweleeuw DF 258 7 (9) 2015-2025
86%
353 Jermaine Jones MF 164 9 (12) 2000-2001, 2003-2008, 2010-2014
86%
398 Jérôme Roussillon DF, MF 153 5 (10) 2018-2025
86%
163 Jiří Štajner MF, FW 229 42 (22) 2002-2010
86%
237 Joël Matip DF, MF 194 17 (8) 2009-2016
86%
122 John Brooks DF 252 14 (5) 2013-2024
86%
337 Jörg Böhme MF 167 29 (39) 2000-2008
86%
56 Joshua Kimmich DF, MF 295 29 (71) 2015-2025
86%
181 Josuha Guilavogui DF, MF 218 9 (6) 2014-2024
86%
389 Juan Arango MF 155 25 (32) 2009-2014
86%
399 Julian Draxler MF, FW 153 23 (21) 2010-2017
86%
257 Julian Schuster MF 187 10 (16) 2007-2008, 2009-2014, 2016-2018
86%
212 Julian Weigl DF, MF 203 6 (5) 2015-2019, 2022-2025
86%
140 Karim Bellarabi DF, MF, FW 241 37 (42) 2011-2023
86%
318 Karim Haggui DF 172 11 (0) 2006-2014
86%
188 Karim Onisiwo MF, FW 214 33 (23) 2015-2025
86%
321 Kevin Akpoguma DF, FW 171 3 (3) 2017-2025
86%
97 Kevin Kampl MF 267 13 (19) 2014-2025
86%
86 Kevin Kurányi FW 273 111 (46) 2001-2009, 2015-2016
86%
294 Kevin Stöger MF, FW 179 20 (28) 2018-2025
86%
34 Kevin Trapp GK 325 0 (0) 2010-2014, 2018-2025
86%
169 Kingsley Coman MF, FW 227 46 (41) 2015-2025
86%
74 Koen Casteels GK 283 0 (1) 2012-2024
86%
132 Konstantin Rausch DF, MF 245 13 (20) 2007-2018
86%
14 Lars Stindl MF, FW 376 85 (56) 2007-2008, 2010-2023
86%
67 Leonardo Bittencourt MF, FW 287 32 (32) 2012-2020, 2022-2025
86%
55 Leon Goretzka MF 296 49 (36) 2013-2025
86%
60 Levan Kobiashvili DF, MF 292 23 (23) 2000-2001, 2003-2009, 2011-2012, 2013-2014
86%
243 Levin Öztunalı MF, FW 190 12 (22) 2013-2023
86%
172 Lewis Holtby MF 225 26 (27) 2009-2012, 2014-2017, 2024-2025
86%
384 Luca Waldschmidt MF, FW 156 26 (6) 2014-2019, 2021-2024
86%
146 Lúcio DF 236 22 (8) 2000-2009
86%
133 Luiz Gustavo DF, MF 245 15 (9) 2008-2017
86%
35 Lukáš Hrádecký GK 323 0 (0) 2015-2025
86%
225 Lukas Klostermann DF 198 12 (3) 2016-2025
86%
195 Lukas Podolski MF, FW 210 70 (33) 2003-2004, 2005-2012
86%
30 Łukasz Piszczek DF, MF 332 19 (40) 2007-2021
86%
11 Makoto Hasebe DF, MF 384 7 (19) 2007-2024
86%
1 Manuel Neuer GK 523 0 (0) 2006-2025
86%
350 Marcel Halstenberg DF, MF, FW 165 12 (16) 2016-2023
86%
137 Marcell Jansen DF, MF 242 25 (19) 2004-2015
86%
147 Marcel Sabitzer DF, MF, FW 236 39 (27) 2016-2025
86%
109 Marcel Schmelzer DF 258 3 (20) 2008-2020
86%
400 Marc-Oliver Kempf DF 153 10 (3) 2012-2014, 2016-2018, 2020-2023
86%
47 Marco Russ DF, MF 304 24 (10) 2005-2019
86%
203 Marius Wolf DF, MF, FW 207 14 (19) 2015-2025
86%
154 Martin Stranzl DF, MF 233 13 (6) 2000-2005, 2010-2016
86%
15 Maximilian Arnold MF 375 44 (40) 2011-2025
86%
204 Maximilian Mittelstädt DF, MF, FW 207 5 (24) 2015-2025
86%
386 Max Meyer MF, FW 156 17 (12) 2012-2017, 2020-2021
86%
189 Mehdi Mahdavikia DF, MF 214 21 (43) 2000-2009
86%
91 Michael Gregoritsch MF, FW 270 59 (21) 2015-2025
86%
167 Mike Frantz MF, FW 228 14 (10) 2009-2014, 2016-2020
86%
75 Mike Hanke FW 283 57 (22) 2001-2014
86%
48 Miroslav Klose FW 304 120 (53) 2000-2011
86%
157 Mitchell Weiser DF, MF, FW 232 19 (38) 2011-2012, 2013-2020, 2022-2025
86%
114 Nadiem Amiri MF, FW 256 27 (30) 2014-2025
86%
18 Naldo DF 358 46 (13) 2005-2009, 2011-2019
86%
213 Nelson Valdez FW 203 38 (16) 2002-2009, 2014-2015
86%
382 Niclas Füllkrug FW 157 56 (18) 2011-2012, 2017-2020, 2022-2024
86%
70 Nico Elvedi DF 285 15 (8) 2015-2025
86%
270 Nicolai Müller MF, FW 185 42 (26) 2011-2019
86%
92 Niklas Stark DF, MF 270 9 (2) 2012-2013, 2015-2025
86%
65 Niklas Süle DF 288 16 (10) 2012-2025
86%
105 Nuri Şahin MF 259 22 (32) 2005-2006, 2008-2010, 2012-2020
86%
410 Ohis Felix Uduokhai DF 150 4 (1) 2017-2024
86%
314 Oka Nikolov GK 174 0 (0) 2000-2001, 2003-2004, 2005-2010, 2012-2013
86%
3 Oliver Baumann GK 489 0 (2) 2009-2025
86%
123 Oliver Kahn GK 251 0 (0) 2000-2008
86%
124 Oliver Neuville FW 251 64 (38) 2000-2006, 2008-2010
86%
343 Oliver Sorg DF, MF 166 3 (7) 2011-2015, 2017-2019
86%
100 Ömer Toprak DF 263 7 (2) 2009-2021
86%
134 Oscar Wendt DF, MF 244 16 (14) 2011-2021
86%
127 Paul Freier MF 249 29 (42) 2000-2001, 2002-2010
86%
248 Paul Verhaegh DF 189 21 (12) 2011-2019
86%
115 Pavel Kadeřábek DF, FW 256 14 (28) 2015-2025
86%
208 Per Ciljan Skjelbred MF 205 2 (11) 2011-2020
86%
131 Péter Gulácsi GK 246 0 (1) 2016-2025
86%
136 Peter Pekarík DF 243 4 (10) 2008-2010, 2013-2023
86%
10 Philipp Lahm DF, MF 385 14 (40) 2003-2017
86%
64 Raffael MF, FW 290 83 (45) 2007-2009, 2011-2020
86%
31 Rafinha DF 332 12 (32) 2005-2009, 2011-2019
86%
161 Ralf Fährmann GK 230 0 (0) 2008-2011, 2013-2018, 2020-2021, 2022-2023
86%
118 Rani Khedira DF, MF 255 9 (6) 2013-2014, 2016-2025
86%
209 Raphaël Guerreiro DF, MF 205 37 (41) 2016-2025
86%
344 Raúl Bobadilla FW 166 29 (11) 2009-2011, 2013-2018
86%
94 René Adler GK 269 0 (1) 2006-2010, 2012-2018
86%
184 Ridle Baku DF, MF, FW 216 22 (22) 2017-2025
86%
355 Robert Enke GK 164 0 (0) 2004-2010
86%
12 Robert Lewandowski FW 384 312 (56) 2010-2022
86%
388 Roel Brouwers DF 156 13 (4) 2008-2016
86%
288 Roman Neustädter DF, MF 181 8 (10) 2009-2016
86%
20 Roman Weidenfeller GK 355 0 (0) 2000-2018
86%
120 Ron-Robert Zieler GK 254 0 (0) 2010-2015, 2017-2018, 2020-2021
86%
128 Sascha Riether DF, MF 248 10 (11) 2003-2004, 2007-2011, 2014-2016, 2018-2019
86%
390 Sebastian Jung DF 155 2 (12) 2008-2010, 2012-2019
86%
254 Sebastian Langkamp DF 188 6 (2) 2008-2009, 2011-2020
86%
19 Sebastian Rudy MF 358 17 (38) 2008-2023
86%
138 Serge Gnabry DF, MF, FW 242 91 (39) 2016-2025
86%
151 Sergej Barbarez MF, FW 234 76 (49) 2000-2008
86%
96 Simon Jentzsch GK 268 0 (0) 2000-2007, 2011-2013
86%
66 Simon Rolfes MF 288 41 (27) 2005-2015
86%
8 Stefan Kießling MF, FW 403 144 (51) 2002-2003, 2004-2018
86%
50 Steve Cherundolo DF 302 6 (14) 2002-2014
86%
299 Suat Serdar MF, FW 178 19 (6) 2015-2023
86%
139 Sven Ulreich GK 242 0 (0) 2007-2008, 2009-2019, 2021-2025
86%
365 Szabolcs Huszti MF 162 39 (37) 2006-2008, 2012-2013, 2015-2017
86%
372 Thomas Brdarić FW 160 47 (16) 2000-2007
86%
2 Thomas Müller MF, FW 503 150 (174) 2008-2025
86%
152 Thorgan Hazard DF, MF, FW 234 43 (47) 2014-2024
86%
150 Tim Borowski MF 235 32 (23) 2001-2012
86%
58 Timo Hildebrand GK 295 0 (0) 2000-2006, 2008-2009, 2011-2015
86%
190 Timo Horn GK 214 0 (0) 2014-2017, 2019-2021, 2024-2025
86%
102 Timothy Chandler DF, MF 262 13 (18) 2010-2025
86%
111 Timo Werner MF, FW 257 102 (39) 2013-2019, 2022-2024
86%
95 Tim Wiese GK 269 0 (0) 2002-2013
86%
51 Torsten Frings MF 302 41 (35) 2000-2011
86%
103 Tranquillo Barnetta MF 260 29 (41) 2004-2015
86%
230 Vahid Hashemian MF, FW 197 38 (19) 2000-2001, 2002-2010
86%
27 Vedad Ibišević FW 344 127 (39) 2006-2007, 2008-2021
86%
173 Vladimír Darida MF 224 22 (30) 2013-2023
86%
279 Willy Sagnol DF 184 7 (26) 2000-2008
86%
82 Yannick Gerhardt DF, MF, FW 276 20 (23) 2014-2025
86%
61 Yann Sommer GK 291 0 (1) 2014-2023
86%
214 Yıldıray Baştürk MF 203 30 (27) 2000-2010
86%
194 Yunus Mallı MF, FW 211 36 (25) 2011-2021
86%
156 Yussuf Poulsen MF, FW 233 49 (22) 2016-2025
86%
289 Yuya Osako MF, FW 181 26 (16) 2014-2021
86%
79 Zé Roberto DF, MF 277 27 (73) 2000-2005, 2007-2011
86%
255 Zlatko Junuzović MF, FW 188 21 (40) 2011-2018
86%
271 Zvonimir Soldo DF, MF 185 8 (6) 2000-2006
86%
238 Admir Mehmedi MF, FW 193 32 (23) 2013-2022
71%
198 Alassane Pléa MF, FW 209 58 (38) 2018-2025
71%
346 Aleksandre Iashvili MF, FW 165 25 (27) 2000-2001, 2003-2004, 2007-2009
71%
373 Amadou Haidara MF, FW 159 11 (6) 2018-2025
71%
125 André Hahn MF, FW 250 49 (24) 2012-2023
71%
280 Arne Maier MF 183 8 (12) 2016-2025
71%
392 Arthur Boka DF 154 5 (7) 2006-2014
71%
377 Ashkan Dejagah MF, FW 158 19 (17) 2004-2013
71%
159 Bernd Schneider DF, MF 231 32 (56) 2000-2009
71%
170 Cédric Makiadi MF 225 17 (14) 2004-2006, 2009-2015
71%
281 Christian Fuchs DF, MF 183 10 (34) 2008-2015
71%
186 Christian Wörns DF 214 13 (6) 2000-2008
71%
347 Christopher Trimmel DF, MF, FW 165 3 (28) 2019-2025
71%
174 Daniel Brosinski DF, MF, FW 222 11 (23) 2008-2009, 2014-2022
71%
251 Daniel Schwaab DF 188 1 (4) 2009-2016
71%
301 Danny Latza MF 176 6 (12) 2008-2009, 2015-2020, 2022-2023
71%
192 Dominique Heintz DF 211 4 (2) 2011-2012, 2015-2024
71%
256 Frank Fahrenhorst DF 187 18 (1) 2000-2001, 2002-2009
71%
394 Georg Niedermeier DF 154 12 (5) 2008-2017
71%
320 Gojko Kačar DF, MF 171 18 (6) 2007-2012, 2014-2018
71%
401 İlkay Gündoğan MF 152 16 (16) 2009-2016
71%
224 Ioannis Amanatidis MF, FW 198 54 (11) 2002-2011
71%
402 Jan Koller FW 152 61 (28) 2001-2005, 2007-2008
71%
260 Jan Schlaudraff MF, FW 186 25 (20) 2002-2003, 2004-2005, 2006-2015
71%
166 Jonas Hector DF, MF 228 12 (19) 2014-2017, 2019-2023
71%
354 Josué MF 164 2 (4) 2007-2013
71%
338 Julian Schieber FW 167 27 (7) 2008-2020
71%
22 Kevin Vogt DF, MF 353 4 (11) 2008-2009, 2012-2025
71%
276 Mahmoud Dahoud MF 184 13 (24) 2014-2025
71%
180 Marcel Maltritz DF, MF 219 8 (3) 2000-2004, 2006-2010
71%
84 Marcelo Bordon DF 274 24 (12) 2000-2010
71%
303 Marcel Risse DF, MF, FW 176 14 (29) 2007-2008, 2009-2012, 2014-2017, 2019-2020
71%
313 Martín Demichelis DF, MF 174 13 (7) 2003-2011
71%
235 Marvin Compper DF 195 8 (4) 2005-2006, 2008-2012, 2016-2018
71%
135 Mladen Krstajić DF 243 16 (9) 2000-2009
71%
395 Mohamed Zidan FW 154 47 (14) 2004-2012
71%
158 Neven Subotić DF 232 16 (2) 2006-2007, 2008-2017, 2019-2020
71%
117 Nikolče Noveski DF 255 8 (1) 2004-2006, 2009-2015
71%
57 Nils Petersen MF, FW 295 89 (20) 2008-2009, 2011-2014, 2016-2023
71%
148 Pál Dárdai MF 236 15 (11) 2000-2010
71%
368 Paolo Guerrero FW 161 47 (17) 2004-2012
71%
387 Patrick Owomoyela DF, MF 156 8 (14) 2004-2012
71%
206 Philipp Bargfrede MF 206 6 (8) 2009-2021
71%
223 Piotr Trochowski MF 199 21 (27) 2002-2010, 2015-2016
71%
403 Rafael van der Vaart MF 152 44 (31) 2005-2007, 2012-2015
71%
196 Roman Bürki GK 210 0 (0) 2014-2022
71%
396 Ruben Vargas MF, FW 154 20 (16) 2019-2025
71%
408 Salomon Kalou MF, FW 151 48 (11) 2014-2020
71%
262 Sejad Salihović DF, MF 186 47 (31) 2004-2005, 2008-2014, 2017-2018
71%
278 Serdar Tasci DF 184 9 (3) 2006-2013, 2015-2016
71%
411 Thiago Alcántara MF 150 17 (20) 2013-2020
71%
383 Zvjezdan Misimović MF 157 37 (48) 2002-2004, 2006-2011
71%
171 Christian Tiffert MF 225 13 (26) 2000-2005, 2007-2008, 2010-2012
57%
162 Christoph Dabrowski MF 229 19 (13) 2000-2001, 2002-2010
57%
370 Delron Buckley MF, FW 160 21 (12) 2000-2001, 2002-2005, 2007-2009
57%
393 Dimitar Berbatov FW 154 69 (23) 2000-2006
57%
325 Fin Bartels MF, FW 170 28 (16) 2007-2008, 2010-2011, 2014-2020
57%
28 Hanno Balitsch MF 343 20 (9) 2001-2014
57%
252 Hasan Salihamidžić DF, MF 188 26 (28) 2000-2006, 2011-2012
57%
307 Ibrahima Traoré MF, FW 175 12 (19) 2007-2008, 2011-2021
57%
217 Javier Pinola DF 202 5 (7) 2005-2007, 2009-2014
57%
374 Jens Hegeler DF, MF 159 8 (8) 2007-2008, 2010-2017
57%
99 Josip Šimunić DF 263 4 (4) 2000-2011
57%
312 Jurica Vranješ MF 174 5 (5) 2000-2009
57%
241 Maik Franz DF 191 12 (1) 2001-2005, 2007-2012
57%
309 Malik Fathi DF 175 3 (8) 2003-2007, 2009-2011, 2013-2014
57%
375 Marco Höger DF, MF 159 7 (9) 2011-2017, 2019-2021
57%
277 Matthieu Delpierre DF 184 4 (8) 2004-2013
57%
379 Mërgim Mavraj DF 158 1 (0) 2007-2009, 2012-2013, 2014-2018
57%
342 Niko Bungert DF 166 8 (3) 2009-2016, 2018-2019
57%
176 Per Mertesacker DF 221 19 (7) 2003-2012
57%
407 Robert Kovač DF 151 0 (2) 2000-2004, 2007-2009
57%
360 Stefan Reinartz DF, MF 163 12 (7) 2009-2016
57%
121 Thorben Marx MF 253 11 (18) 2000-2014
57%
324 Alexander Hleb MF 170 14 (35) 2000-2004, 2009-2010, 2011-2012
43%
284 Altin Lala MF 181 1 (4) 2002-2012
43%
239 Florian Kringe DF, MF 192 18 (13) 2003-2009, 2011-2012
43%
349 Guy Demel DF, MF 165 2 (7) 2002-2011
43%
247 Hans Sarpei DF 189 2 (6) 2001-2011
43%
409 Jens Lehmann GK 150 0 (0) 2000-2002, 2008-2010
43%
261 Kevin Großkreutz DF, FW 186 23 (22) 2009-2016
43%
210 Markus Feulner MF 204 15 (12) 2001-2003, 2005-2006, 2009-2017
43%
269 Matthias Lehmann MF 185 14 (5) 2003-2004, 2006-2007, 2010-2011, 2014-2018
43%
185 Miroslav Karhan MF 215 9 (18) 2001-2006, 2009-2011
43%
367 Mišo Brečko DF, MF 161 2 (8) 2004-2005, 2007-2011, 2014-2015
43%
293 Sven Schipplock MF, FW 180 20 (10) 2010-2017, 2020-2021
43%
263 Tobias Strobl DF, MF 186 1 (9) 2011-2012, 2013-2022
43%
329 Benjamin Köhler MF 169 16 (12) 2000-2001, 2005-2010, 2012-2013
29%
211 Dennis Diekmeier DF, MF 203 0 (13) 2009-2018
29%
229 Florian Niederlechner MF, FW 197 45 (18) 2015-2023
29%
296 Jacek Krzynówek MF, FW 178 24 (25) 2001-2002, 2004-2010
29%
183 Patrick Ochs DF, MF 216 4 (17) 2005-2014
29%
298 Roberto Hilbert DF, MF 178 17 (12) 2006-2009, 2013-2017
29%
231 Alexander Esswein MF, FW 196 14 (12) 2008-2009, 2011-2020
14%
340 Felix Klaus MF, FW 166 15 (8) 2012-2015, 2017-2021
14%
335 Jan Morávek MF, FW 168 9 (10) 2009-2013, 2015-2022
14%
285 Manuel Schmiedebach MF 181 2 (9) 2009-2015, 2017-2018, 2019-2020
14%
178 Peer Kluge MF 220 15 (14) 2001-2007, 2009-2011, 2013-2014
14%
250 Sokratis Papastathopoulos DF 189 9 (2) 2011-2018
14%
295 Aílton Gonçalves FW 178 92 (26) 2000-2005, 2007-2008
0%
339 Bastian Reinhardt DF 166 12 (5) 2002-2010
0%
330 Bernd Korzynietz DF, FW 169 4 (11) 2001-2008
0%
219 Carsten Ramelow DF, MF 200 12 (8) 2000-2008
0%
319 Dick van Burik DF 171 6 (1) 2000-2007
0%
334 Ervin Skela MF, FW 168 21 (29) 2003-2009
0%
405 Ingo Hertzsch DF 151 2 (3) 2000-2006
0%
331 Jan-Ingwer Callsen-Bracker DF 169 11 (3) 2003-2008, 2010-2016, 2018-2019
0%
220 Jan Rosenthal MF, FW 200 24 (9) 2006-2013, 2015-2017
0%
336 Jeff Strasser DF 167 8 (4) 2000-2006
0%
193 Koo Ja-cheol MF 211 28 (11) 2010-2019
0%
207 Marcelinho Paraíba MF, FW 205 76 (59) 2001-2008
0%
406 Marko Babić DF, MF 151 13 (18) 2000-2006, 2008-2009
0%
297 Markus Schroth FW 178 42 (23) 2000-2007
0%
286 Markus Schuler DF 181 0 (5) 2002-2009
0%
385 Mathias Hain GK 156 0 (0) 2002-2003, 2004-2007, 2010-2011
0%
234 Matthias Ostrzolek DF, MF 196 1 (12) 2011-2019
0%
364 Pablo Thiam DF, MF 162 14 (4) 2000-2008
0%
328 Paul Stalteri DF, MF 170 6 (11) 2000-2004, 2008-2010
0%
283 Rüdiger Kauf MF 182 4 (5) 2000-2001, 2002-2003, 2004-2009
0%
357 Sebastian Freis MF, FW 164 27 (9) 2007-2015
0%
197 Sérgio Pinto MF, FW 210 21 (15) 2002-2003, 2006-2013
0%
359 Silvio Meißner MF 163 27 (7) 2000-2008
0%
404 Sofian Chahed DF, MF 152 6 (7) 2003-2004, 2005-2013
0%
No matching quizzes found
Score Distribution
Percent of People with Each Score
Percentile by Number Answered
Your Score History
You have not taken this quiz